000 00884cam a22002894a 4500
001 16106344
003 TZ-ArACH
005 20231007133809.0
008 100225s2010 tz b 000 0 eng
010 _a 2010307018
020 _a6164000597169
020 _a966738495
040 _aDLC
_cDLC
042 _alcode
043 _af-tz---
050 0 0 _aKTT379
_b.C48 2010
100 1 _aChipeta, B. D.
245 1 0 _aCriminal law and procedure :
_ba digest of cases /
_cB.D. Chipeta.
260 _aDar-es-Salam, Tanzania :
_bLawAfrica Pub. (T) Ltd.,
_c2010.
300 _axxviii, 171 p. ;
_c21 cm.
504 _aIncludes bibliographical references.
650 0 _aCriminal law
_zTanzania
_vDigests.
650 0 _aCriminal procedure
_zTanzania
_vDigests.
906 _a7
_bcbc
_corigode
_d2
_encip
_f20
_gy-gencatlg
942 _2lcc
_cBOOK
999 _c7256
_d7256